[Event "Amantea op-B 9th"]
[Site "Amantea"]
[Date "2011.09.06"]
[Round "3"]
[White "Mazzuca, Aldo"]
[Black "Vasta, Armando"]
[Result "0-1"]
[WhiteElo "1458"]
[BlackElo "1545"]
[PlyCount "86"]
[EventDate "2011.09.04"]
[EventType "swiss"]
[EventRounds "8"]
[EventCountry "ITA"]
[SourceTitle "EXT 2014"]
[Source "ChessBase"]
[SourceDate "2013.11.20"]
[SourceVersion "1"]
[SourceVersionDate "2013.11.20"]
[SourceQuality "1"]

1. e4 c5 2. Nc3 Nc6 3. Bc4 Nf6 4. a3 e6 5. d3 d5 6. exd5 exd5 7. Qe2+ Be7 8. Ba2 h6 9. Nf3 0-0 10. 0-0 Bg4 11. h3 Bh5 12. g4 Bg6 13. Ne5 Nxe5 14. Qxe5 Bd6 15. Qe2 Bc7 16. Qf3 c4 17. dxc4 d4 18. Nb5 Bb6 19. c3 d3 20. Bd2 a6 21. Nd4 Be4 22. Qg3 Bxd4 23. cxd4 Qxd4 24. Bc3 Qb6 25. Rfe1 Rfe8 26. Re3 Bg6 27. Rae1 Rxe3 28. Rxe3 Rd8 29. Bxf6 Qxf6 30. Re1 d2 31. Rd1 Bc2 32. Rxd2 Rxd2 33. Qb8+ Rd8 34. Qxb7 Rd1+ 35. Kg2 Qd6 36. c5 Qd7 37. Qf3 Rd4 38. Qa8+ Kh7 39. Qxa6 Be4+ 40. f3 Rd2+ 41. Kg3 Qc7+ 42. Kh4 g5+ 43. Kh5 Bg6+ 0-1

[Event "CS Province-ch"]
[Site "Amantea"]
[Date "2007.01.06"]
[Round "2"]
[White "Levato, Biagio"]
[Black "Mazzuca, Aldo"]
[Result "1-0"]
[WhiteElo "1519"]
[BlackElo "1440"]
[PlyCount "63"]
[EventDate "2007.01.05"]
[EventType "swiss"]
[EventRounds "5"]
[EventCountry "ITA"]
[SourceTitle "EXT 2010"]
[Source "ChessBase"]
[SourceDate "2010.11.25"]
[SourceVersion "1"]
[SourceVersionDate "2010.11.25"]
[SourceQuality "1"]

1. Nf3 Nc6 2. g3 e5 3. d3 b6 4. Bg2 f6 5. 0-0 Bc5 6. c3 Bb7 7. b4 Bd6 8. Nfd2 Nh6 9. Nc4 Qe7 10. a4 0-0-0 11. Nxd6+ Qxd6 12. b5 Na5 13. Bxb7+ Kxb7 14. Nd2 f5 15. Ba3 Qe6 16. c4 f4 17. Ne4 d5 18. cxd5 Rxd5 19. Ng5 Qf5 20. Ne4 fxg3 21. fxg3 Qg4 22. Bc1 Nf5 23. Nf2 Qd4 24. Bd2 Ne3 25. Bxe3 Qxe3 26. Kh1 Rf8 27. Ng4 Rxf1+ 28. Qxf1 Qg5 29. Qf3 h5 30. Qxd5+ Kb8 31. Nxe5 c6 32. bxc6 1-0